Loading...
Science - Other Science | 0 | 5 | 1 | 1 | 45 | 60 | 90.80 | 0 | 5 |
History - World History | 0 | 4 | 0 | 1 | 40 | 74 | 98.50 | 0 | 4 |
Other | 0 | 4 | 0 | 2 | 40 | 22 | 85.25 | 1 | 4 |
Science - Physics | 0 | 4 | 1 | 0 | 35 | 26 | 62.50 | 0 | 4 |
Social Science | 0 | 3 | 0 | 0 | 30 | 66 | 85.67 | 0 | 3 |
History - Other History | 0 | 3 | 0 | 2 | 30 | 104 | 123.00 | 0 | 3 |
Fine Arts - Classical Music | 0 | 3 | 0 | 1 | 30 | 82 | 101.00 | 0 | 3 |
Science - Chemistry | 0 | 3 | 1 | 1 | 25 | 54 | 81.67 | 1 | 3 |
Literature - American Literature | 0 | 2 | 0 | 1 | 20 | 47 | 92.50 | 0 | 2 |
Philosophy | 0 | 2 | 0 | 0 | 20 | 92 | 108.50 | 0 | 2 |
Mythology | 0 | 2 | 0 | 0 | 20 | 86 | 109.00 | 1 | 2 |
History - American History | 0 | 1 | 0 | 0 | 10 | 83 | 83.00 | 1 | 1 |
Religion | 0 | 1 | 1 | 0 | 5 | 114 | 114.00 | 0 | 1 |
Science - Biology | 0 | 1 | 2 | 0 | 0 | 41 | 41.00 | 1 | 1 |
Fine Arts - Other Fine Arts | 0 | 0 | 1 | 0 | -5 | 0.00 | 0 | 0 | |
Literature - British Literature | 0 | 0 | 1 | 0 | -5 | 0.00 | 0 | 0 |